01040cam a22002771 4500001001300000003000400013005001700017008004100034010001700075035001900092040003000111042001200141050002900153051001600182100003700198245010000235260005700335300006700392440005700459500009400516504005100610650001800661650003500679700003100714999001700745gs 07000486 DLC20260227111305.0770126s1901 nyuaf b 001 0 eng  ags 07000486  a(OCoLC)2701238 aDLCcNFredUdNBrockUdDLC apremarc00aQ11b.N82 no. 46, vol. 9 aSB939b.F341 aFelt, Ephraim Porter,d1868-194310aScale insects of importance and list of the species in New York State,cby Ephraim Porter Felt. aAlbany,bUniversity of the State of New York,c1901. a[291]-377 p., 15 leaves of plates.billus. (some col.)c25 cm. 0aBulletin of the New York State Museum,vno. 46, v. 9 a"Technical study of four species of Aspidiotus, by Margaret Fursman Boynton": p. 343-354. aIncludes bibliographical references and index. 0aInsect pests. 0aInsect pestszNew York (State)1 aBoynton, Margaret Fursman. c24588d24588